| 000 | 00736cam a22002293a 4500 | ||
|---|---|---|---|
| 001 | 14034 | ||
| 003 | PGUSA | ||
| 005 | 20140828083312.0 | ||
| 008 | 041113s2004||||xxu|||||s|||||000 1 eng d | ||
| 040 |
_aPGUSA _beng |
||
| 042 | _adc | ||
| 050 | 4 | _aPZ | |
| 100 | 1 |
_aWhistler, Charles W. _q(Charles Watts), _d1856-1913 |
|
| 245 | 1 | 0 |
_aKing Alfred's Viking : _bA Story of the First English Fleet _h[electronic resource] / _cCharles W. Whistler |
| 260 |
_bProject Gutenberg, _c2004 |
||
| 506 | _aPublic domain in the USA. | ||
| 516 | _aElectronic text | ||
| 653 | _aGreat Britain -- History -- Alfred, 871-899 -- Juvenile fiction | ||
| 830 | 0 |
_aProject Gutenberg _v14034 |
|
| 856 | 4 | 0 | _uhttp://www.gutenberg.org/ebooks/14034 |
| 942 | _cEB | ||
| 999 |
_c243289 _d243289 |
||